000 01577nas a2200277 a 4500
005 20250415094009.0
007 ta
008 250127e2009 DR |n|p|r||||||0| | spa d
022 _a2636-1981
040 _aDO-SdBNP
_cDO-SdBNP
_erda
041 _hspa
110 _aSociedad Dominicana de Geología (SODOGEO)
_986920
245 _aGeo noticias /
_cSociedad Dominicana de Geología
264 _aSanto Domingo, República Dominicana :
_bSociedad Dominicana de Geología, SODOGEO,
_c2009.
300 _avolumen :
_bilustraciones, fotografías, gráficas, mapas ;
_c28 cm.
310 _aIrregular.
336 _atexto
_btxt
_2rdaconten
337 _asin mediación
_bn
_2rdamedia
338 _avolumen
_bnc
_2rdacarrier
362 _aVolumen 6. No. 24. Mayo 2009.
520 _aSodogeo ente multiplicador en el conocimiento de las Ciencias de la Tierra. La Sociedad Dominicana de Geología ha sido desde sus inicios un organismo que aglutina la mayoría de los profesionales de las Ciencias de la Tierra en la Republica Dominicana, además es el único organismo que difunde las geociencias con la publicación y organización de eventos como charlas, excursiones de campo, conferencias nacionales e internacionales sobre las investigaciones geo científicas y mineras en todo el caribe y Republica Dominicana.
650 0 _aNoticias
_949
_vPublicaciones periódicas
650 0 _aGeología
_926253
_vPublicaciones periódicas
_zRepública Dominicana
856 _aEn linea
_uhttp://redciencia.cu/geobiblio/paper/2009_Boletin_Geo25_Dominicana_Carib.pdf
942 _2ddc
_cISSUE
999 _c58091
_d58091